Kúpa majetku na splátky a účtovanie v sústave jednoduchého účtovníctva

Bibliographic Details
Main Author: Strählová, Jarmila (Author)
Format: Article
Language:Slovak
ISSN:1335-0897
Subjects:

MARC

LEADER 00000nab a2200000 ar4500
001 vtls009147407
003 SK-MaSNL
005 20260303044036.0
008 071008c2007 xo mr|p|||||||000 b|slo
015 |a SNBRB2007/10  |2 snkbucl 
038 |a SNKBUCL 
040 |a SNKBUCL  |b slo  |c SNKBUCL  |e AACR2 
041 |a slo 
044 |a xo  |c SK 
080 |a 658.7  |2 2001 
080 |a 657.11  |2 2001 
100 1 |a Strählová, Jarmila  |4 aut  |9 9509 
245 1 0 |a Kúpa majetku na splátky a účtovanie v sústave jednoduchého účtovníctva  |c Jarmila Strählová 
650 0 7 |a majetok  |x kúpa na splátky  |2 snkbucl  |9 1032369 
650 0 7 |a jednoduché účtovníctvo  |2 snkbucl  |9 652 
773 0 |t Daňový a účtovný poradca podnikateľa  |g Č. 11-12 (2007), s. 291-303  |x 1335-0897 
852 |a SNK  |b KIS3GCP 
999 |c 1699080  |d 1701010